| 000 | 00522cam a22002171 4500 | ||
|---|---|---|---|
| 001 | sa 64009084 | ||
| 003 | DLC | ||
| 005 | 20260227112059.0 | ||
| 008 | 890710s1963 ii 000 1 gujo | ||
| 010 | _asa 64009084 | ||
| 035 | _a(OCoLC)19987514 | ||
| 040 |
_aDLC _cWaU _dDLC |
||
| 042 | _apremarc | ||
| 050 | 0 | 0 |
_aPK1859.B47 _bP3 |
| 100 | 0 |
_aVasubahena, _d1924- |
|
| 245 | 1 | 0 | _aPāndaḍe pāndaḍe motī. |
| 260 | _c[1963] | ||
| 300 |
_a15, 278 p. _c18 cm. |
||
| 500 | _aIn Gujarati. | ||
| 500 | _aShort stories. | ||
| 999 |
_c61248 _d61248 |
||